00411nam a2200169Ia 4500003000400000005001700004008004100021020001500062040000700077041000800084082001700092100002300109245004000132260004000172300001600212365001300228OSt20230417110349.0210423s2010 xx 000 0 und d a8130904608 cAL aeng a809.935 BLOH aBLOOM (Harold),Ed. aWilliam Goldings lord of the flies. aNew DelhibViva Books Pvt Ltdc2010 avii,263bPB b145cINR